[Event "CAN-ch U10"]
[Site "Richmond Hill"]
[Date "2011.07.07"]
[Round "4"]
[White "Lu, Leo"]
[Black "Boushy, Declan Paul"]
[Result "0-1"]
[WhiteElo "1040"]
[BlackElo "971"]
[PlyCount "94"]
[EventDate "2011.07.06"]
[EventType "swiss"]
[EventRounds "7"]
[EventCountry "CAN"]
[SourceTitle "EXT 2022"]
[Source "ChessBase"]
[SourceDate "2021.10.06"]
[SourceVersion "1"]
[SourceVersionDate "2021.10.06"]
[SourceQuality "1"]

1. e4 e5 2. Nf3 Nc6 3. Bd3 Bc5 4. 0-0 d6 5. Ne1 Qg5 6. Bc4 Bh3 7. Qf3 Bg4 8. Qxf7+ Kd8 9. Qf8+ Kd7 10. Qxa8 Bh3 11. g3 Na5 12. b3 h6 13. Nf3 Qg6 14. Bb5+ c6 15. Nh4 Qh7 16. Be2 Nf6 17. d3 Rxa8 18. Rd1 Bd4 19. c3 Bb6 20. b4 Bg4 21. Bxg4+ Nxg4 22. Kg2 Nxf2 23. Rf1 Nxd3 24. Rf7+ Ke6 25. Rf1 Nxc1 26. Rxc1 Nc4 27. a4 a5 28. Kf3 d5 29. Re1 axb4 30. cxb4 Bd4 31. Ra2 Nd6 32. Nd2 Bc3 33. exd5+ cxd5 34. Nb3 Bxe1 35. Nc5+ Ke7 36. Re2 Bxb4 37. Rxe5+ Kf6 38. Nd3 Qxd3+ 39. Re3 Qd1+ 40. Kf2 Bc5 41. Ng2 Bxe3+ 42. Nxe3 Qd2+ 43. Kf3 Qd3 44. Kf2 Rxa4 45. Ng4+ Kg5 46. Ne5 Ra2+ 47. Ke1 Qe2# 0-1

[Event "North American-ch U08"]
[Site "Montreal"]
[Date "2010.08.17"]
[Round "4"]
[White "Boushy, Declan Paul"]
[Black "Sun, Nicholas"]
[Result "1-0"]
[WhiteElo "1021"]
[BlackElo "696"]
[PlyCount "29"]
[EventDate "2010.08.16"]
[EventType "swiss"]
[EventRounds "7"]
[EventCountry "CAN"]
[SourceTitle "EXT 2013"]
[Source "ChessBase"]
[SourceDate "2012.11.22"]
[SourceVersion "1"]
[SourceVersionDate "2012.11.22"]
[SourceQuality "1"]

1. e4 e5 2. Nf3 Nc6 3. Nc3 Nf6 4. Bc4 Bc5 5. Ng5 h6 6. Nxf7 Ke7 7. Nxd8 Rxd8 8. Nd5+ Kf8 9. Nxc7 Rb8 10. Nd5 Nxe4 11. Qf3+ Kg8 12. Nc3+ Kh8 13. Qxe4 d6 14. Bd3 Be6 15. Qh7# 1-0

[Event "North American-ch U08"]
[Site "Montreal"]
[Date "2010.08.16"]
[Round "2"]
[White "Boushy, Declan Paul"]
[Black "Berube, Louis Alexandre"]
[Result "1-0"]
[WhiteElo "1021"]
[BlackElo "695"]
[PlyCount "43"]
[EventDate "2010.08.16"]
[EventType "swiss"]
[EventRounds "7"]
[EventCountry "CAN"]
[SourceTitle "EXT 2013"]
[Source "ChessBase"]
[SourceDate "2012.11.22"]
[SourceVersion "1"]
[SourceVersionDate "2012.11.22"]
[SourceQuality "1"]

1. e4 c5 2. Nf3 Nf6 3. Bc4 d6 4. Ng5 Bd7 5. Nxf7 e6 6. Nxd8 Kxd8 7. Qf3 Bc6 8. Nc3 d5 9. exd5 exd5 10. Bxd5 Bxd5 11. Nxd5 Be7 12. Nxe7 Kxe7 13. Qxb7+ Nbd7 14. 0-0 Kd8 15. Qxa8+ Ke7 16. Qxh8 Nf8 17. Qxg7+ Ke6 18. Qxf8 Kf5 19. Qxc5+ Ke6 20. Re1+ Kd7 21. Re7+ Kd8 22. Qc7# 1-0

[Event "CAN-ch U08"]
[Site "Windsor"]
[Date "2010.07.07"]
[Round "4"]
[White "Zhong, Xiao Xuan"]
[Black "Boushy, Declan Paul"]
[Result "1-0"]
[WhiteElo "1214"]
[BlackElo "901"]
[PlyCount "95"]
[EventDate "2010.07.06"]
[EventType "swiss"]
[EventRounds "7"]
[EventCountry "CAN"]
[SourceTitle "EXT 2012"]
[Source "ChessBase"]
[SourceDate "2011.11.24"]
[SourceVersion "1"]
[SourceVersionDate "2011.11.24"]
[SourceQuality "1"]

1. e4 c5 2. Nc3 e6 3. Bc4 Nc6 4. f4 d6 5. Nf3 Nge7 6. 0-0 g6 7. d3 Bg7 8. Kh1 Bxc3 9. bxc3 d5 10. Bb3 dxe4 11. dxe4 Qxd1 12. Rxd1 Na5 13. Ba4+ Nac6 14. Bb2 0-0 15. Ba3 b6 16. Rd6 Bb7 17. Rad1 Rab8 18. Bxc6 Nxc6 19. Rd7 Rfd8 20. Ng5 Rf8 21. Rc7 h6 22. Nf3 Rfc8 23. Rdd7 Rxc7 24. Rxc7 f6 25. c4 e5 26. Nh4 g5 27. fxg5 fxg5 28. Nf5 Nd4 29. Nxh6+ Kf8 30. Rh7 Re8 31. Rxb7 Rd8 32. h3 Nxc2 33. Rxa7 Rd3 34. Bc1 Rd1+ 35. Kh2 Rxc1 36. Rb7 Rb1 37. Kg3 Ne3 38. Rb8+ Kg7 39. Nf5+ Nxf5+ 40. exf5 Kf6 41. Kg4 Rb2 42. Rb7 Rxa2 43. Rxb6+ Kf7 44. g3 Rc2 45. Kxg5 Rxc4 46. Rb7+ Kf8 47. Kf6 e4 48. Rb8# 1-0

[Event "CAN-ch U08"]
[Site "Windsor"]
[Date "2010.07.06"]
[Round "2"]
[White "Boushy, Declan Paul"]
[Black "Zhao, Yue Tong"]
[Result "0-1"]
[WhiteElo "901"]
[BlackElo "1228"]
[PlyCount "30"]
[EventDate "2010.07.06"]
[EventType "swiss"]
[EventRounds "7"]
[EventCountry "CAN"]
[SourceTitle "EXT 2012"]
[Source "ChessBase"]
[SourceDate "2011.11.24"]
[SourceVersion "1"]
[SourceVersionDate "2011.11.24"]
[SourceQuality "1"]

1. d4 Nf6 2. Nc3 d5 3. Bf4 Nc6 4. Nf3 Bg4 5. e3 e6 6. Be2 Bb4 7. Qd2 Ne4 8. Qd3 Bf5 9. Qb5 Nxc3 10. bxc3 Bxc3+ 11. Kf1 Bxa1 12. Qxb7 0-0 13. Bxc7 Qc8 14. Ba6 Qd7 15. Bb5 Rfb8 0-1

[Event "CAN-ch U08"]
[Site "Victoria"]
[Date "2009.07.21"]
[Round "1"]
[White "Zotkin, Daniel"]
[Black "Boushy, Declan Paul"]
[Result "1-0"]
[WhiteElo "1368"]
[BlackElo "804"]
[PlyCount "41"]
[EventDate "2009.07.21"]
[EventType "swiss"]
[EventRounds "7"]
[EventCountry "CAN"]
[SourceTitle "EXT 2011"]
[Source "ChessBase"]
[SourceDate "2010.11.26"]
[SourceVersion "1"]
[SourceVersionDate "2010.11.26"]
[SourceQuality "1"]

1. e4 c5 2. Nf3 e6 3. Nc3 Nc6 4. Bc4 Nf6 5. 0-0 Bd6 6. d4 Na5 7. Bb3 Nxb3 8. axb3 b6 9. Re1 Bb7 10. Nb5 Bxe4 11. Nxd6+ Kf8 12. Nxe4 Nxe4 13. Rxe4 d5 14. Re1 h5 15. Bf4 f6 16. Rxe6 g5 17. Bd2 f5 18. Nxg5 Rb8 19. Qf3 a5 20. Qxf5+ Kg8 21. Qf7# 1-0

[Event "CAN-ch U08"]
[Site "Quebec"]
[Date "2008.07.16"]
[Round "6"]
[White "Boushy, Declan Paul"]
[Black "Gugel, Brett"]
[Result "0-1"]
[WhiteElo "783"]
[BlackElo "1176"]
[PlyCount "46"]
[EventDate "2008.07.14"]
[EventType "swiss"]
[EventRounds "7"]
[EventCountry "CAN"]
[SourceTitle "EXT 2011"]
[Source "ChessBase"]
[SourceDate "2010.11.26"]
[SourceVersion "1"]
[SourceVersionDate "2010.11.26"]
[SourceQuality "1"]

1. e4 e5 2. Nf3 Nc6 3. Nc3 Nf6 4. Bd3 Bc5 5. Bb5 d6 6. Bxc6+ bxc6 7. 0-0 0-0 8. Ng5 h6 9. Nf3 Bg4 10. Na4 Nxe4 11. d3 Ng5 12. Bd2 Nxf3+ 13. Kh1 Nxd2 14. Qxd2 Re8 15. Rfe1 Qd7 16. Rg1 Qf5 17. f3 Bxg1 18. Rxg1 Bh5 19. g4 Qxf3+ 20. Rg2 Bxg4 21. Kg1 Bh3 22. Kh1 Bxg2+ 23. Kg1 Qf1# 0-1

[Event "CAN-ch U08"]
[Site "Quebec"]
[Date "2008.07.16"]
[Round "5"]
[White "Boushy, Declan Paul"]
[Black "Lepage, Marcel"]
[Result "1-0"]
[WhiteElo "783"]
[BlackElo "946"]
[PlyCount "29"]
[EventDate "2008.07.14"]
[EventType "swiss"]
[EventRounds "7"]
[EventCountry "CAN"]
[SourceTitle "EXT 2011"]
[Source "ChessBase"]
[SourceDate "2010.11.26"]
[SourceVersion "1"]
[SourceVersionDate "2010.11.26"]
[SourceQuality "1"]

1. e4 e5 2. Nf3 Nc6 3. Bd3 Bc5 4. 0-0 Nf6 5. Bb5 Nxe4 6. Bxc6 dxc6 7. Nxe5 h5 8. Qf3 Rf8 9. Nd3 Bxf2+ 10. Nxf2 Nxf2 11. Qe3+ Be6 12. Qxf2 Bc4 13. Qe3+ Qe7 14. Re1 Rd8 15. Qxe7# 1-0